000 00602cam a22002053a 4500
001 45433
003 PGUSA
005 20140828084042.0
008 140418s2014||||xxu|||||s|||||000 | eng d
040 _aPGUSA
_beng
042 _adc
100 1 _aPartridge, S. W.
245 1 0 _aS. W. Partridge Catalogue of Popular Illustrated Books, 1904
_h[electronic resource] /
_cS. W. Partridge
260 _bProject Gutenberg,
_c2014
506 _aPublic domain in the USA.
516 _aElectronic text
830 0 _aProject Gutenberg
_v45433
856 4 0 _uhttp://www.gutenberg.org/ebooks/45433
942 _cEB
999 _c274684
_d274684